Otelo (Registo nº 201311)

Detalhes MARC
000 -Etiqueta do registo
Valores 00670nam 22002053 4500
100 ## - Dados gerais de processamento
Dados gerais 20260316d u||y0pory50 ba
200 ## - Titulo e menção de responsabilidade
Título próprio Otelo
Informação de outro título o povo é quem mais ordena
Primeira menção de responsabilidade Otelo Saraiva de Carvalho
210 ## - Publicação
Local de publicação Lisboa
Nome do editor Assírio & Alvim
Data de publicação imp. 1977
215 ## - Descrição física 
Paginação / Volumes 339, [5] p.
Outras indicações físicas il. , brochado
Dimensões 21 cm
300 ## - Notas gerais 
Texto da nota Contém dedicatória na página de rosto
606 ## - Nome comum usado como assunto
ID Autoridade 1246
Palavra de ordem Política
610 ## - Termos não controlados
Palavra de ordem Eleições
675 ## - CDU
Notação 32Carvalho, Otelo Saraiva de
Edição PT
Língua por
675 ## - CDU
Notação 324(469)"1976"
Edição PT
Língua por
700 ## - Autor principal (pessoa individual)
ID Autoridade 12776
Apelido Carvalho
Nome Otelo Saraiva de
Datas 1936-2021
801 ## - Fonte de origem
País PT
Agência BMMN
Regras de catalogação RPC
830 ## - Notas gerais do catalogador
Criado por Ana Falardo
Indexado por Ana Falardo
990 ## - Elementos KOHA
Tipo de documento Livro
Exemplares
Situação do levantamento Biblioteca de origem Código de barras Cota Permissão de empréstimo Tipo de documento Nota relativa ao exemplar Forma de aquisição
  Biblioteca Municipal de Montemor-o-Novo 30623 32 CAR|SAF   Livro Acesso condicionado Oferta

Powered by Koha